[Event "HUN-chT2 Szechenyi 1011"]
[Site "Hungary"]
[Date "2011.04.10"]
[Round "8.7"]
[White "Pfeifer, David"]
[Black "Schleinig, Pal"]
[Result "0-1"]
[WhiteElo "2007"]
[BlackElo "1993"]
[PlyCount "88"]
[EventDate "2010.09.12"]
[EventType "team-tourn"]
[EventRounds "11"]
[EventCountry "HUN"]
[SourceTitle "EXT 2012"]
[Source "ChessBase"]
[SourceDate "2011.11.24"]
[SourceVersion "1"]
[SourceVersionDate "2011.11.24"]
[SourceQuality "1"]
[WhiteTeam "Ajka Banyasz"]
[BlackTeam "Spartacus"]
[WhiteTeamCountry "HUN"]
[BlackTeamCountry "HUN"]

1. e4 e6 2. d4 d5 3. exd5 exd5 4. Bd3 Bd6 5. c3 c6 6. Nf3 Nf6 7. Bg5 Bg4 8. Nbd2 Nbd7 9. 0-0 0-0 10. Qc2 Qc7 11. Rfe1 Rfe8 12. Bf5 Bh5 13. b3 Bg6 14. Nh4 Bxh2+ 15. Kh1 Bf4 16. Bxf6 Nxf6 17. g3 Bxd2 18. Qxd2 Bxf5 19. Nxf5 Ne4 20. Qc2 Qd7 21. g4 g6 22. Ne3 Qe7 23. Kg2 Qf6 24. f3 Ng5 25. Qf2 Ne6 26. Kf1 Re7 27. Ng2 Rae8 28. f4 Nc7 29. Rxe7 Rxe7 30. Re1 Nb5 31. Re3 Rxe3 32. Qxe3 Qe6 33. Qh3 h5 34. f5 hxg4 35. Qxg4 Qxf5+ 36. Qxf5 gxf5 37. Ne3 Nxc3 38. Nxf5 Ne4 39. Kg2 Kf8 40. Kf3 Ke8 41. Kf4 f6 42. Nh6 Ke7 43. Kf5 Nd6+ 44. Kf4 Ke6 0-1

[Event "HUN-chT2 Szechenyi 1011"]
[Site "Hungary"]
[Date "2010.09.12"]
[Round "1.7"]
[White "Pfeifer, David"]
[Black "Lejer, Sandor"]
[Result "1/2-1/2"]
[WhiteElo "2007"]
[BlackElo "2000"]
[PlyCount "61"]
[EventDate "2010.09.12"]
[EventType "team-tourn"]
[EventRounds "11"]
[EventCountry "HUN"]
[SourceTitle "EXT 2012"]
[Source "ChessBase"]
[SourceDate "2011.11.24"]
[SourceVersion "1"]
[SourceVersionDate "2011.11.24"]
[SourceQuality "1"]
[WhiteTeam "Ajka Banyasz"]
[BlackTeam "Lovo"]
[WhiteTeamCountry "HUN"]
[BlackTeamCountry "HUN"]

1. e4 d6 2. d4 Nf6 3. Nc3 c6 4. h3 Qc7 5. Nf3 e5 6. d5 Be7 7. Be2 Nbd7 8. Be3 Qa5 9. Qd2 Qb4 10. a3 Qa5 11. b4 Qc7 12. Nh2 0-0 13. Ng4 cxd5 14. Nxf6+ Nxf6 15. Nxd5 Nxd5 16. exd5 Bf5 17. c4 a5 18. 0-0 Bg6 19. f4 axb4 20. f5 bxa3 21. fxg6 fxg6 22. Rxf8+ Kxf8 23. Qb4 a2 24. Bb6 Qd7 25. Qb5 Qxb5 26. cxb5 Bf6 27. Bc4 Ra4 28. Bb3 Ra3 29. Bc4 Ra4 30. Bb3 Ra3 31. Bc4 1/2-1/2

[Event "HUN-chT2 Szechenyi 0910"]
[Site "Hungary"]
[Date "2010.04.18"]
[Round "10.6"]
[White "Pfeifer, David"]
[Black "Haasz, Gyula"]
[Result "1-0"]
[WhiteElo "1987"]
[BlackElo "1858"]
[PlyCount "41"]
[EventDate "2009.11.08"]
[EventType "team-tourn"]
[EventRounds "11"]
[EventCountry "HUN"]
[SourceTitle "EXT 2011"]
[Source "ChessBase"]
[SourceDate "2010.11.26"]
[SourceVersion "1"]
[SourceVersionDate "2010.11.26"]
[SourceQuality "1"]
[WhiteTeam "Ajka Banyasz"]
[BlackTeam "Baki Agrocentrum"]
[WhiteTeamCountry "HUN"]
[BlackTeamCountry "HUN"]

1. e4 c6 2. d4 d5 3. exd5 cxd5 4. c3 Nc6 5. Bf4 Nf6 6. Bd3 e6 7. Nf3 Bd6 8. Bg3 Bxg3 9. hxg3 Ne4 10. Nbd2 f5 11. Ne5 Nxe5 12. dxe5 Qg5 13. Nf3 Qg6 14. Bb5+ Bd7 15. Bxd7+ Kxd7 16. Qa4+ Kc7 17. Nd4 a6 18. c4 Nc5 19. Qa3 b6 20. b4 Qg4 21. Rh4 1-0

[Event "HUN-chT2 Szechenyi 0910"]
[Site "Hungary"]
[Date "2010.04.11"]
[Round "9.7"]
[White "Pfeifer, David"]
[Black "Horvath, Reka"]
[Result "1/2-1/2"]
[WhiteElo "1987"]
[BlackElo "1978"]
[PlyCount "109"]
[EventDate "2009.11.08"]
[EventType "team-tourn"]
[EventRounds "11"]
[EventCountry "HUN"]
[SourceTitle "EXT 2011"]
[Source "ChessBase"]
[SourceDate "2010.11.26"]
[SourceVersion "1"]
[SourceVersionDate "2010.11.26"]
[SourceQuality "1"]
[WhiteTeam "Ajka Banyasz"]
[BlackTeam "HVSE Infraplan"]
[WhiteTeamCountry "HUN"]
[BlackTeamCountry "HUN"]

1. e4 c5 2. Nc3 Nc6 3. g3 g6 4. Bg2 Bg7 5. d3 d6 6. Be3 e6 7. Qd2 Rb8 8. Rb1 b5 9. f4 Nge7 10. Nf3 0-0 11. 0-0 Nd4 12. Ne2 Nxf3+ 13. Bxf3 Qc7 14. d4 f5 15. dxc5 dxc5 16. e5 Rd8 17. Qc3 c4 18. b3 a5 19. Nd4 Nd5 20. Bxd5 Rxd5 21. bxc4 Rc5 22. Qd3 bxc4 23. Qa3 Rxb1 24. Rxb1 Bf8 25. Qb2 Qd7 26. Qb6 Rd5 27. Rb5 Be7 28. Rxa5 Bd8 29. Rxd5 Qxd5 30. Qc6 Qd7 31. Kf2 Kf7 32. Qxc4 Bb7 33. Nb5 Bd5 34. Qc5 Bxa2 35. Nd6+ Kg7 36. Qa7 Qxa7 37. Bxa7 Be7 38. c4 Kf8 39. c5 Bd5 40. Nb5 Bc4 41. Nd4 Ke8 42. c6 Bd8 43. Ke3 Bd5 44. Kd3 Ba5 45. Kc2 Kd8 46. Kb2 Kc7 47. Ka3 Bb6 48. Bxb6+ Kxb6 49. Kb4 Ba2 50. c7 Kxc7 51. Kc5 Bd5 52. Nb5+ Kd7 53. Nc3 Bb3 54. Kb6 Bc2 55. Nb5 1/2-1/2

[Event "HUN-chT2 Szechenyi 0910"]
[Site "Hungary"]
[Date "2010.02.28"]
[Round "7.6"]
[White "Domonkos, Tamas"]
[Black "Pfeifer, David"]
[Result "1/2-1/2"]
[WhiteElo "1991"]
[BlackElo "1987"]
[PlyCount "62"]
[EventDate "2009.11.08"]
[EventType "team-tourn"]
[EventRounds "11"]
[EventCountry "HUN"]
[SourceTitle "EXT 2011"]
[Source "ChessBase"]
[SourceDate "2010.11.26"]
[SourceVersion "1"]
[SourceVersionDate "2010.11.26"]
[SourceQuality "1"]
[WhiteTeam "Tapolca Szeremley"]
[BlackTeam "Ajka Banyasz"]
[WhiteTeamCountry "HUN"]
[BlackTeamCountry "HUN"]

1. c4 e5 2. Nc3 Nc6 3. d3 d6 4. g3 g6 5. Bg2 Bg7 6. Nf3 h6 7. Bd2 Be6 8. 0-0 Qd7 9. Nd5 Nge7 10. e4 f5 11. Nh4 g5 12. Nxf5 Nxf5 13. exf5 Bxf5 14. Qh5+ Kd8 15. Be4 Bxe4 16. dxe4 Nd4 17. Kg2 b6 18. b4 c6 19. Ne3 Kc7 20. Rac1 Kb7 21. Bc3 Qe6 22. a4 a6 23. Bb2 Rhf8 24. c5 dxc5 25. bxc5 b5 26. Qg4 Qxg4 27. Nxg4 Rad8 28. Bxd4 Rxd4 29. axb5 axb5 30. f3 Rd2+ 31. Rf2 Rfd8 1/2-1/2

[Event "HUN-chT2 Szechenyi 0910"]
[Site "Hungary"]
[Date "2009.11.08"]
[Round "1.6"]
[White "Pfeifer, David"]
[Black "Horvath, Tamas4444"]
[Result "1/2-1/2"]
[WhiteElo "1987"]
[BlackElo "2163"]
[PlyCount "67"]
[EventDate "2009.11.08"]
[EventType "team-tourn"]
[EventRounds "11"]
[EventCountry "HUN"]
[SourceTitle "EXT 2011"]
[Source "ChessBase"]
[SourceDate "2010.11.26"]
[SourceVersion "1"]
[SourceVersionDate "2010.11.26"]
[SourceQuality "1"]
[WhiteTeam "Ajka Banyasz"]
[BlackTeam "Gyor Elektromos"]
[WhiteTeamCountry "HUN"]
[BlackTeamCountry "HUN"]

1. e4 c5 2. Nc3 Nc6 3. g3 g6 4. Bg2 Bg7 5. d3 d6 6. Be3 Nd4 7. Qd2 Qa5 8. f4 e6 9. Nf3 Ne7 10. a3 Nec6 11. 0-0 0-0 12. Rab1 Rb8 13. Rf2 Bd7 14. Na2 Qa6 15. Nc1 b5 16. c3 Nxf3+ 17. Bxf3 b4 18. axb4 cxb4 19. c4 Nd4 20. b3 Bc6 21. Bg2 f5 22. Ne2 e5 23. fxe5 dxe5 24. Nxd4 exd4 25. Bf4 Rbe8 26. Re2 Qb7 27. Bd6 Rf7 28. Qxb4 Qd7 29. Qc5 fxe4 30. dxe4 Re6 31. e5 Bxg2 32. Kxg2 d3 33. Re3 Rf5 34. Qc7 1/2-1/2

[Event "HUN-chT2 Szechenyi 0304"]
[Site "Hungary"]
[Date "2004.04.18"]
[Round "11"]
[White "Kranyecz, Csaba"]
[Black "Pfeifer, David"]
[Result "1-0"]
[WhiteElo "1794"]
[BlackElo "1794"]
[PlyCount "85"]
[EventDate "2003.09.28"]
[EventType "team"]
[EventRounds "11"]
[EventCountry "HUN"]
[SourceTitle "EXT 2009"]
[Source "ChessBase"]
[SourceDate "2008.11.26"]
[SourceVersion "1"]
[SourceVersionDate "2008.11.26"]
[SourceQuality "1"]
[WhiteTeam "Szentgotthard"]
[BlackTeam "Ajka Banyasz"]
[WhiteTeamCountry "HUN"]
[BlackTeamCountry "HUN"]

1. e4 e5 2. Nf3 d6 3. d4 Nf6 4. Nc3 Nbd7 5. Bc4 Be7 6. Bxf7+ Kxf7 7. Ng5+ Kg8 8. Ne6 Qe8 9. Nxc7 Qg6 10. Nxa8 Qxg2 11. Rf1 Ng4 12. Qe2 Nxh2 13. Qc4+ d5 14. Nxd5 Qxe4+ 15. Ne3+ Kf8 16. Qxc8+ Kf7 17. Qxd7 Nxf1 18. Kxf1 exd4 19. Qf5+ Qxf5 20. Nxf5 Rxa8 21. Nxd4 Rd8 22. Be3 Bf6 23. c3 Rd5 24. Ke2 a6 25. Rh1 h6 26. Kd3 Ke7 27. b4 b5 28. c4 bxc4+ 29. Kxc4 Kd6 30. Rd1 Bxd4 31. Rxd4 Rxd4+ 32. Kxd4 h5 33. Bg5 g6 34. a4 Ke6 35. b5 Kd6 36. bxa6 Kc6 37. a5 Kc7 38. Bf4+ Kc8 39. Ke4 h4 40. Kf3 h3 41. Kg3 g5 42. Bxg5 Kb8 43. Be3 1-0

[Event "HUN-chT2 Szechenyi 0203"]
[Site "Hungary"]
[Date "2003.04.06"]
[Round "10"]
[White "Tasnadi, Gyula"]
[Black "Pfeifer, David"]
[Result "1-0"]
[WhiteElo "1917"]
[BlackElo "1718"]
[PlyCount "69"]
[EventDate "2002.09.22"]
[EventType "team"]
[EventRounds "11"]
[EventCountry "HUN"]
[SourceTitle "EXT 2009"]
[Source "ChessBase"]
[SourceDate "2008.11.26"]
[SourceVersion "1"]
[SourceVersionDate "2008.11.26"]
[SourceQuality "1"]

1. c4 e5 2. Nc3 Nc6 3. g3 g6 4. Bg2 Bg7 5. d3 d6 6. Nf3 Be6 7. 0-0 Nf6 8. h3 Qd7 9. Ng5 0-0 10. Qa4 d5 11. Nxe6 fxe6 12. cxd5 Nxd5 13. Nxd5 exd5 14. Qb5 Rad8 15. Bg5 Ne7 16. Qxd7 Rxd7 17. Bxe7 Rxe7 18. Bxd5+ Kh8 19. Bxb7 Rb8 20. Bf3 Rxb2 21. Rab1 Rb6 22. a4 Bf8 23. a5 Rxb1 24. Rxb1 c5 25. a6 Rc7 26. Rb8 Kg7 27. Bd5 g5 28. Ra8 h6 29. Bb7 c4 30. dxc4 Rxc4 31. Rxa7 Rc7 32. Ra8 Bc5 33. e3 Re7 34. a7 Bb6 35. Rg8+ 1-0

[Event "HUN-chT2 Szechenyi 0203"]
[Site "Hungary"]
[Date "2002.11.24"]
[Round "3"]
[White "Pfeifer, David"]
[Black "Szalay, Istvan"]
[Result "1-0"]
[WhiteElo "1718"]
[BlackElo "1734"]
[PlyCount "45"]
[EventDate "2002.09.22"]
[EventType "team"]
[EventRounds "11"]
[EventCountry "HUN"]
[SourceTitle "EXT 2009"]
[Source "ChessBase"]
[SourceDate "2008.11.26"]
[SourceVersion "1"]
[SourceVersionDate "2008.11.26"]
[SourceQuality "1"]

1. e4 c5 2. Nc3 Nc6 3. g3 g6 4. Bg2 Bg7 5. d3 d6 6. Be3 e6 7. Qd2 Nge7 8. Nge2 Bd7 9. Bh6 0-0 10. h4 e5 11. h5 Nd4 12. Bxg7 Kxg7 13. hxg6 hxg6 14. 0-0-0 Rh8 15. Rxh8 Qxh8 16. Rh1 Qd8 17. Qh6+ Kf6 18. g4 Bxg4 19. Qh4+ g5 20. Qxg4 Nxe2+ 21. Nxe2 Ng6 22. Ng3 Nh4 23. Nh5+ 1-0